Search the Library Catalogue
| 000 -LEADER | |
|---|---|
| fixed length control field | 01353nam a2200169 a 4500 |
| 008 - FIXED-LENGTH DATA ELEMENTS--GENERAL INFORMATION | |
| fixed length control field | 250923s2025##################000#0#eng## |
| 020 ## - INTERNATIONAL STANDARD BOOK NUMBER | |
| ISBN | 9780521669733 |
| 082 04 - DEWEY DECIMAL CLASSIFICATION NUMBER | |
| Classification number | 577.072 |
| Item number | FOR |
| 100 ## - MAIN ENTRY--AUTHOR NAME | |
| Personal name | Ford, E. David |
| 245 10 - TITLE STATEMENT | |
| Title | Scientific Method For Ecological Research |
| Statement of responsibility, etc | E. David Ford |
| 250 ## - EDITION STATEMENT | |
| Edition statement | 1st |
| 260 ## - PUBLICATION, DISTRIBUTION, ETC. (IMPRINT) | |
| Place of publication | Cambridge |
| Name of publisher | Cambridge University Press |
| Year of publication | 2000 |
| 500 ## - GENERAL NOTE | |
| General note | Scientists tend to take the thought processes that drive their research for granted, often learning them indirectly by observing their supervisors and colleagues. This book emphasizes the advantages of being explicit about these thought processes and aims to help those undertaking ecological research to develop a critical attitude to approaching a scientific problem and constructing a procedure for assessment. The outcome is a text that provides a framework for understanding methodological issues and which assists with the effective definition and planning of ecological research. As such, it represents a unique resource for anyone embarking on their research career. It also provides a valuable source of information for those more experienced researchers who are seeking to strengthen the methodology underlying their studies or who have an interest in the analysis of research methods in ecology. |
| 650 ## - SUBJECT ADDED ENTRY--TOPICAL TERM | |
| Topical Term | Biology |
| 942 ## - ADDED ENTRY ELEMENTS (KOHA) | |
| Koha item type | English Books |
| Withdrawn status | Lost status | Damaged status | Not for loan | Home library | Current library | Shelving location | Date acquired | Full call number | Accession Number | Price effective from | Koha item type |
|---|---|---|---|---|---|---|---|---|---|---|---|
| Anna Centenary Library | Anna Centenary Library | 5TH FLOOR, A WING | 23.09.2025 | 577.072 FOR | 237235 | 23.09.2025 | English Books |